Irresistible Learning : Embedding a Culture of Research in Schools. (Record no. 4379)

MARC details
005 - DATE AND TIME OF LATEST TRANSACTION
control field 20250619090447.0
020 ## - INTERNATIONAL STANDARD BOOK NUMBER
International Standard Book Number 978-1-913622-62-6
082 ## - DEWEY DECIMAL CLASSIFICATION NUMBER
Classification number 350.85 CHI
100 ## - MAIN ENTRY--PERSONAL NAME
Author name CHISNELL.G.
245 ## - TITLE STATEMENT
Title Irresistible Learning : Embedding a Culture of Research in Schools.
260 ## - PUBLICATION, DISTRIBUTION, ETC.
Place of publication, distribution, etc. Woodbridge,
Name of publisher, distributor, etc. John Catt,
Date of publication, distribution, etc. 2021.
300 ## - PHYSICAL DESCRIPTION
Extent 154p.: ill.;
Other physical details Bibliography
Dimensions 20cm
856 ## - ELECTRONIC LOCATION AND ACCESS
Link text Access Online Book
Electronic name Irresistible Learning
Path www.johncatt.com
942 ## - ADDED ENTRY ELEMENTS (KOHA)
Source of classification or shelving scheme Dewey Decimal Classification
Koha item type Books
Holdings
Date last seen Total checkouts Full call number Barcode Cost, replacement price Price effective from Koha item type Lost status Source of classification or shelving scheme Damaged status Not for loan Withdrawn status Home library Current library Shelving location Date acquired Cost, normal purchase price
06/19/2025   350.85 CHI 00000013169 72603.00 06/19/2025 Books   Dewey Decimal Classification       College of Business Education Main Library College of Business Education Main Library General Collection 04/04/2025 24201.00
06/19/2025   350.85 CHI 00000013170 72603.00 06/19/2025 Books   Dewey Decimal Classification       College of Business Education Main Library College of Business Education Main Library General Collection 04/04/2025 24201.00